=LDR 00000nam 2200000 4500 =001 INLIS000000000012295 =005 20130612103828 =008 ***********************************Ind** =035 ##$$0010-061300000012295 =041 ##$$a Ind =082 ##$$a 658.8 =090 ##$$a 658.8, Par m =100 ##$$a Parkinson, C Northcote =245 ##$$a Maketing potensial, C. Northcote parkinson, MK Rustomji =260 ##$$a 1993 $b Semarang =300 ##$$a 188 hlm., Ilus, 21 cm =650 ##$$a Marketing =700 ##$$a Rustomji, M.K =850 ##$$a NBPNMAT